000 00763cam a22002534i 4500
999 _c34190
_d34190
001 3536
003 CO-MdFUSB
005 20180928163024.0
008 180227n[ ] cr ||||| |||| 00| 0 spa d
040 _aCO-MdFUSB
_bspa
_cCO-MdFUSB
_dCO-MdFUSBC
_erda
041 0 _aspa
082 0 4 _aG 227
_223
_bL4771t
100 1 _aLee, Dora V. de
_eautor
245 0 _aTres meses en las cartas de San Pablo
_c / Dora V. de Lee
264 1 _aSan José, Costa Rica :
_b Caribe,
_c[ ]
264 1 _c[ ]
300 _a183 páginas ;
_c21 cm
336 _2rdacontent
_atexto
_btxt
337 _2rdamedia
_asin mediación
_bn
338 _2rdacarrier
_avolumen
_bnc
653 _aBiblia N.T. - Literatura paulina - Meditaciones
942 _cBK